| 000 | 00734nam a2200277Ia 4500 | ||
|---|---|---|---|
| 008 | 160803s9999 xx 000 0 und d | ||
| 020 | _a978-1442454521 | ||
| 100 | _aGormley, Beatrice | ||
| 245 | _aBarack Obama : | ||
| 245 | _cby Beatrice Gormley. | ||
| 260 | _aNew York : | ||
| 260 | _bScholastic Inc. | ||
| 260 | _c2008 | ||
| 300 | _a168 pages ; | ||
| 300 | _c20 cm. | ||
| 650 | _aAfrican American legislators -- | ||
| 650 | _aLegislators -- United States -- | ||
| 650 | _aObama, Barack. | ||
| 650 | _aPresidents -- United States -- | ||
| 650 | _aUnited States. Congress. Senate -- | ||
| 650 | _xBiography. | ||
| 650 | _xBiography. | ||
| 650 | _xBiography. | ||
| 650 | _xBiography. | ||
| 700 | _a1100 | ||
| 999 |
_c298408 _d298408 |
||